CBSE MCQs QUESTION BANK CHAPTERWISE (Record no. 538)
[ view plain ]
| 000 -LEADER | |
|---|---|
| fixed length control field | 00335nam a22001217a 4500 |
| 082 ## - DEWEY DECIMAL CLASSIFICATION NUMBER | |
| Classification number | 540 |
| Item number | OSW/C |
| 100 ## - MAIN ENTRY--AUTHOR NAME | |
| Personal name | OSWAAL BOOKS |
| 245 ## - TITLE STATEMENT | |
| Title | CBSE MCQs QUESTION BANK CHAPTERWISE |
| Remainder of title | CLASS XI CHEMISRTY |
| 260 ## - PUBLICATION, DISTRIBUTION, ETC. (IMPRINT) | |
| Place of publication | AGRA |
| Name of publisher | OSWAAL BOOKS LEARNING PVT LTD |
| Year of publication | 2021 |
| 300 ## - PHYSICAL DESCRIPTION | |
| Number of Pages | 67 |
| 650 ## - SUBJECT ADDED ENTRY--TOPICAL TERM | |
| Topical Term | CHEMISTRY QUESTION BANK FOR CLASS 11 |
| Geographic subdivision | INDIA |
| 942 ## - ADDED ENTRY ELEMENTS (KOHA) | |
| Koha item type | Books |
| Withdrawn status | Lost status | Collection code | Home library | Current library | Shelving location | Date acquired | Source of acquisition | Cost, normal purchase price | Full call number | Accession Number | Koha item type |
|---|---|---|---|---|---|---|---|---|---|---|---|
| Reference | Main Library | Main Library | 08/02/2022 | purchase | 199.00 | 540 OSW/C | 12466 | Books | |||
| Reference | Main Library | Main Library | 08/02/2022 | purchase | 199.00 | 540 OSW/C | 12465 | Books |